Laboratory Practice in Radio (Record no. 545722)
[ view plain ]
| 000 -LEADER | |
|---|---|
| fixed length control field | 00418nam a22001457a 4500 |
| 082 ## - DEWEY DECIMAL CLASSIFICATION NUMBER | |
| Classification number | 621.384. |
| Author Mark | KAZ. |
| -- | L-11, P-100. |
| 100 ## - MAIN ENTRY--PERSONAL NAME | |
| Personal name | Kazinik, M. |
| 9 (RLIN) | 41680 |
| 245 ## - TITLE STATEMENT | |
| Title | Laboratory Practice in Radio |
| Statement of responsibility, etc. | Kazinik, M. |
| 260 ## - PUBLICATION, DISTRIBUTION, ETC. | |
| Place of publication, distribution, etc. | Moscow. |
| Name of publisher, distributor, etc. | Mir |
| Date of publication, distribution, etc. | c1971. |
| 300 ## - PHYSICAL DESCRIPTION | |
| Extent | 96 p. |
| Other physical details | ill. |
| Dimensions | 16 cm. |
| 526 ## - STUDY PROGRAM INFORMATION NOTE | |
| Program name | 0 |
| Interest level | 0 |
| Reading level | 0 |
| Title point value | 621_384000000000000__KAZ |
| 526 ## - STUDY PROGRAM INFORMATION NOTE | |
| Program name | 0 |
| Interest level | 0 |
| Reading level | 0 |
| Title point value | 621_384000000000000__KAZ |
| 650 ## - SUBJECT ADDED ENTRY--TOPICAL TERM | |
| Topical term or geographic name entry element | MCE |
| 9 (RLIN) | 379 |
| 942 ## - ADDED ENTRY ELEMENTS (KOHA) | |
| Source of classification or shelving scheme | |
| Koha item type | Book |
| Withdrawn status | Lost status | Source of classification or shelving scheme | Damaged status | Not for loan | Permanent Location | Current Location | Date acquired | Total Checkouts | Full call number | Barcode | Date last seen | Date last checked out | Price effective from | Koha item type |
|---|---|---|---|---|---|---|---|---|---|---|---|---|---|---|
| Military College of Engineering (MCE) | Military College of Engineering (MCE) | 05/28/2014 | 1 | 621.384. KAZ. | MCE-3597 | 05/28/2014 | 05/28/2014 | 05/28/2014 | Book | |||||
| Military College of Engineering (MCE) | Military College of Engineering (MCE) | 05/28/2014 | 621.384. KAZ. | MCE-c2124 | 05/28/2014 | 05/28/2014 | Book |
